00169nam a2200061Ia 4500008004100000050002400041245004200065230915s9999 xx 000 0 und d aSB171 .T73 I53 2008 0aINDIGENOUS FRUIT TREES IN THE TROPICS